000 00143 a2200085 4500
041 _aspa
100 _aAnonimo
245 _aEspaoÌšl
942 _cBK
999 _c15794
_d15794